| 000 | 01298namaa22003011i 4500 | ||
|---|---|---|---|
| 003 | EG-GICUC | ||
| 005 | 20260215141701.0 | ||
| 008 | 260215s19uu le ||||jr|||| 000 0 ara d | ||
| 040 |
_aEG-GiCUC _bara _cEG-GiCUC _dEG-GiCUC _erda |
||
| 082 | 0 | 4 |
_221 _a031 _bQ11s |
| 092 | 0 | 4 |
_221 _a031 _bQ11s |
| 099 | _a031 Q11s | ||
| 100 | 1 |
_aالقلقشندى، احمد بن على، _d1355 او 1356-1418 _eمؤلف. |
|
| 245 | 1 |
_aصبح الأعشى فى صناعة الإنشا / _cتأليف أحمد بن على القلقشندى ؛ شرحه وعلق عليه وقابل نصوصه محمد حسين شمس الدين |
|
| 264 |
_aبيروت (لبنان) : _bدار الفكر، _c[19--] |
||
| 300 |
_a؛ 15 مجلد _b. _c24 سم |
||
| 336 |
_2rdacontent _atext |
||
| 337 |
_2rdamedia _aUnmediated |
||
| 338 |
_2rdacarrier _avolume |
||
| 504 | _aيشتمل على ارجاعات ببليوجرافية | ||
| 505 | _aالمجلد الخامس عشر. فهارس | ||
| 541 |
_aد. جابر عصفور ؛ _bالقاهرة ؛ _cإهداء ؛ _d2024. |
||
| 650 | 1 | 7 |
_aدوائر المعارف والمعاجم العربية _vالاعمال الاولية حتى1800 _2qrmak |
| 651 | 1 | _2qrmak | |
| 700 | 1 |
_aشمس الدين، محمد حسين _eمحقق. |
|
| 905 | _aHuda | ||
| 942 |
_2ddc _cBK _e21 _n0 |
||
| 999 |
_c178501 _d178501 |
||